Kollerband

Korporativní autor: Kollerband (hudební skupina)
Další autoři: Koller, David, 1960-, Bianco, David
Jazyk: Čeština
Vydáno: Praha : [Sony Music Bonton] :East Brother, p2004
Témata:
Fyzický popis: 2 zvukové desky (42:39 ; 32:36) : digital ; 12 cm + 1 brožura
Zvukové nahrávky
Uloženo v:
LEADER 02349njm a2200493 a 4500
001 000782356
003 CZ BrMZK
005 20051004080305.0
007 sd fsngnnmmned
008 050713s2004 xr mu g d cze d
015 |a cnb001415600 
028 0 1 |a 515184 2  |b Sony Music Bonton 
028 0 3 |a EBR 515184 2  |b Sony Music Bonton 
040 |a ABA001  |b cze  |d BOA001 
045 |a y0y0 
047 |a rc  |a pp 
080 |a 78.036  |2 MRF 
080 |a (086.76)  |2 MRF 
110 2 |a Kollerband (hudební skupina)  |7 xx0023051 
245 1 0 |a Kollerband  |h [zvukový záznam] 
246 3 0 |a Studio album 
246 3 0 |a Live album 
260 |a Praha :  |b [Sony Music Bonton] :  |b East Brother,  |c p2004 
300 |a 2 zvukové desky (42:39 ; 32:36) :  |b digital ;  |c 12 cm +  |e 1 brožura 
306 |a 004239  |a 003236 
500 |a Názvy částí převzaty z obalu 
500 |a Texty písní v brožuře 
500 |a Vydáno pod ochrannou známkou East Brother 
500 |a Fonogram: p2004 East Brother ; původní fonogramy: pWarner Chappell Music CZ 
500 |a Kompaktní deska 
500 |a CD 1 obsahuje multimediální část (video - Miláčku, love) 
505 0 0 |t Milá --  |t Jezdci --  |t Mám chuť lhát --  |t Lehká --  |t Hádky --  |t Těžkej sen --  |t Hledáme se --  |t Slunovrat --  |t Durman --  |t Valy --  |t Sedí, pije --  |t Na mě zapomeň --  |t Miláčku, love --  |t Řetězy --  |t Do smrti dobrý, do smrti zlý --  |t Na co při tom myslíš --  |t Balada o kocourovi a bylině --  |t Majolenka 
508 |a Producent, koproducent David Koller, David Bianco 
511 1 |a Kollerband (David Koller, Marta, Tomáš Vartecký, Olda Krejčoves, Jan Křížek, David Bianco, Vláďa Pecha, Marie Zicháčková, Daniela Langoská, Tomáš Marek, Tomáš Kopecký, Jana Puterová, Karolína Klevetová) 
518 |a Nahráno ve Studiu B.B.II v březnu 2004 (CD 1) ; nahráno živě na Brumlovce v Praze 13.12. 2002 (CD 2) 
650 0 7 |a rock  |7 ph125174  |2 czenas 
650 0 7 |a populární písně  |7 ph124354  |y 2001-2010  |2 czenas 
655 7 |a kompaktní desky  |7 fd201991  |2 czenas 
700 1 |a Koller, David,  |d 1960-  |7 xx0014755  |4 sng  |4 itr  |4 pro 
700 1 |a Bianco, David  |7 jx20041020006  |4 pro  |4 itr 
910 |a BOA001  |b CD-0012.510 
990 |a AV 
991 |b 200508 
996 6 |b 261H013749  |c CD-0012.510  |l MZK  |r Sklad / do 24 hodin  |n 0  |w 000782356  |u 000010  |a 1  |e BOA001  |j MZK50  |s P